000 00599cam a22002173a 4500
001 34806
003 PGUSA
005 20140828083742.0
008 110101s2011||||xxu|||||s|||||000 | eng d
040 _aPGUSA
_beng
042 _adc
100 1 _aOpitz, Martin
245 1 0 _aBuch von der Deutschen Poeterey
_h[electronic resource] /
_cMartin Opitz
260 _bProject Gutenberg,
_c2011
506 _aPublic domain in the USA.
516 _aElectronic text
700 1 _aBraune, Wilhelm
830 0 _aProject Gutenberg
_v34806
856 4 0 _uhttp://www.gutenberg.org/ebooks/34806
942 _cEB
999 _c264061
_d264061